| 000 | 00341cam a22001217a 4500 | ||
|---|---|---|---|
| 008 | 180718b1875 xxu||||| |||| 00| 0 eng d | ||
| 082 | _aDx54 W979 | ||
| 100 | _aWyllie, J. W. S. | ||
| 245 |
_aEssays on the external policy of India _cby J. W. S. Wyllie |
||
| 260 |
_aLondon _bSmith _c1875 |
||
| 300 | _a371p. | ||
| 650 | _aExternal policy - India | ||
| 999 |
_c438274 _d438274 |
||